| 000 | 01668nam a2200325 i 4500 | ||
|---|---|---|---|
| 001 | 768714001 | ||
| 003 | CO-MdFUSB | ||
| 005 | 20210305153133.0 | ||
| 007 | ta | ||
| 008 | 200602t2009 sp a|||| |||| 00| 0 spa d | ||
| 020 | _a978842042320- | ||
| 020 | _a3 | ||
| 040 |
_aCO-MdFUSB _bspa _cCO-MdFUSB _dCO-MdFUSBC _erda |
||
| 041 | _aspa | ||
| 082 |
_223 _a863.64 _bG215 |
||
| 100 |
_aGarcía Montero, Luis, _eautor |
||
| 245 |
_aMañana no será lo que Dios quiera _c/ Luis García Montero |
||
| 264 | 1 |
_aMadrid : _bAlfaguara, _c[2009] |
|
| 264 | 4 | _c© 2009 | |
| 300 |
_a420 páginas _c; 24 cm |
||
| 336 |
_2rdacontent _atexto _btdi |
||
| 337 |
_2rdamedia _asin mediación _bn |
||
| 338 |
_2rdacarrier _avolumen _bnc |
||
| 490 | _aPremio Alfaguara de novela | ||
| 520 | _aEl poeta Ángel González dejó una de las obras líricas más relevantes en lengua española, pero también fue testigo privilegiado de uno de los períodos más convulsos en la historia reciente de España: la Guerra Civil. Luis García Montero construye el retrato del poeta y recorre los primeros años de su vida para rescatar la mirada de un niño que tuvo que crecer sin la figura de su padre, pero con toda la fuerza de una familia y una geografía que se resistían con uñas y dientes a dejarse vencer. Mañana no será lo que Dios quiera es un homenaje a un territorio, a una familia, a los amigos y a los libros, que levantaron el espíritu del joven en ciernes que con el tiempo se transformaría en uno de los más grandes y premiados poetas de este país durante el siglo XX. | ||
| 563 | _aRústico | ||
| 653 | _aLiteratura española. | ||
| 942 | _cBK | ||
| 945 | _aJTF-925 | ||
| 999 |
_c65986 _d65986 |
||